书目信息 |
| 题名: |
壁画遗韵
|
|
| 作者: | 肖东发 主编 ;张学亮 编著 | |
| 分册: | ||
| 出版信息: | 北京 现代出版社 2015 |
|
| 页数: | 148页 | |
| 开本: | 24cm | |
| 丛书名: | 中华精神家园 | |
| 单 册: | ||
| 中图分类: | K879.41 | |
| 科图分类: | ||
| 主题词: | 壁画--介绍--中国--古代 | |
| 电子资源: | ||
| ISBN: | 978-7-5143-3066-3 | |
| 000 | 00808oam2 2200265 450 | |
| 001 | 2369833886 | |
| 005 | 20231128223340.84 | |
| 010 | @a978-7-5143-3066-3@dCNY29.80 | |
| 100 | @a20151101d2015 em y0chiy50 ea | |
| 101 | 0 | @achi |
| 102 | @aCN@b110000 | |
| 105 | @aa z 000yy | |
| 200 | 1 | @a壁画遗韵@Abi hua yi yun@e古代壁画与古墓丹青@f肖东发主编@g张学亮编著 |
| 210 | @a北京@c现代出版社@d2015 | |
| 215 | @a148页@c图@d24cm | |
| 225 | 2 | @a中华精神家园@i文化标记 |
| 410 | 0 | @12001 @a中华精神家园 |
| 462 | 0 | @12001 @a文化标记 |
| 517 | 1 | @a古代壁画与古墓丹青@Agu dai bi hua yu gu mu dan qing |
| 606 | 0 | @a壁画@x介绍@y中国@z古代 |
| 690 | @aK879.41@v5 | |
| 701 | 0 | @a肖东发@Axiao dong fa@4主编 |
| 702 | 0 | @a张学亮@Azhang xue liang@4编著 |
| 801 | 0 | @aCN@b91MARC@c20151101 |
| 905 | @aZUCC@dK879.41@e5 | |
| 壁画遗韵:古代壁画与古墓丹青/肖东发主编/张学亮编著.-北京:现代出版社,2015 |
| 148页:图;24cm.-(中华精神家园.文化标记) |
| ISBN 978-7-5143-3066-3:CNY29.80 |
| ● |
| 相关链接 |
|
|
|
正题名:壁画遗韵
索取号:K879.41/5
 
预约/预借
| 序号 | 登录号 | 条形码 | 馆藏地/架位号 | 状态 | 备注 |
| 1 | 2001008245 | 2001008245 | 第四书库/四30架A面4层1列/ [索取号:K879.41/5] | 在馆 | |
| 2 | 2001008246 | 2001008246 | 第四书库/四30架A面4层1列/ [索取号:K879.41/5] | 在馆 | |
| 3 | 2001008247 | 2001008247 | 第四书库/四30架A面4层1列/ [索取号:K879.41/5] | 在馆 | |
| 4 | 2001008248 | 2001008248 | 第四书库/四30架A面4层1列/ [索取号:K879.41/5] | 在馆 | |
| 5 | 2001008249 | 2001008249 | 第四书库/四30架A面4层1列/ [索取号:K879.41/5] | 在馆 | |
| 6 | 2001008250 | 2001008250 | 第四书库/四30架A面4层1列/ [索取号:K879.41/5] | 在馆 |